000 00464nam a2200181Ia 4500
001 9617
005 20260306161731.0
008 260306t2006||||xx |||||||||||||| ||spa||
041 _aESP
082 _a382.71
_bP17
100 _aFairlie, Alan (ed.)
_eAUT
245 0 _aPaíses andinos frente al TLC y la comunidad sudamericana de naciones
260 _c2006
300 _a218 páginas :
_c21 cm.
650 _aGEN
654 _aCAN
942 _cLIB
_dJUS
_fJUS
_2ddc
_n
999 _c9617
_d9617